• 首页
  • 本馆介绍
  • 公告通知
  • 最新文献
  • 馆藏检索
  • 电子资源
  • 读者导购
  • 参考咨询
  • 我的图书馆
  • 登录
  • 详细信息显示
  • 放入我的书架
  • 预约/预借图书
  • 作者相关作品
  • 分类相关作品
  • 丛书相关作品
  • 出版社相关作品

书目信息

  • 表格格式
  • 工作单格式
  • 卡片格式
题名:
尿石症诊断与防治
    
 
作者: 王俊 主编
分册:  
出版信息: 延吉   延边人民出版社  2002
页数: 210页
开本: 20cm
丛书名: 专家门诊丛书
单 册:
中图分类: R691.4
科图分类:
主题词: 尿石症--诊疗 , CT--S055242--尿石症
电子资源:
ISBN: 7-80648-578-3
000 00923oam2 2200277 45
001 012002007845
005 20070113104056.45
010    @a7-80648-578-3@dCNY10.00
035    @a(011001)c2002002105
092    @aCN@b461408
100    @a20020121d2002 em y0chiy0110 ea
101 0  @achi
102    @aCN@b220000
105    @ay z 000yy
200 1  @a尿石症诊断与防治@9niao shi zheng zhen duan yu fang zhi@f王俊等主编
210    @a延吉@c延边人民出版社@d2002
215    @a210页@d20cm
225 2  @a专家门诊丛书
330    @a本书从临床实际及病人需要出发,对尿石形成的机制,临床表现、检查、诊断、治疗等方面作了详尽的阐述,并单独介绍了尿石症的预防、调养、饮食疗法及偏方治疗。
461  0 @12001 @a专家门诊丛书@1210 @a延吉@c延边人民出版社
606 0  @a尿石症@x诊疗
606 0  @2CT@3S055242@a尿石症
690    @aR691.4@v4
701  0 @a王俊@9wang jun@4主编
801  0 @aCN@bNLC@c20070113
905    @a10447@dR691.4@e35
    
    尿石症诊断与防治/王俊等主编.-延吉:延边人民出版社,2002
    210页;20cm.-(专家门诊丛书)
    
    
    ISBN 7-80648-578-3:CNY10.00
    本书从临床实际及病人需要出发,对尿石形成的机制,临床表现、检查、诊断、治疗等方面作了详尽的阐述,并单独介绍了尿石症的预防、调养、饮食疗法及偏方治疗。
●
相关链接 在E读中查询图书 在五车中查询图书 在当当中查询图书 在豆瓣中查询图书


正题名:尿石症诊断与防治     索取号:R691.4/35         预约/预借

序号 登录号 条形码 馆藏地/架位号 状态 备注
1 0564801   205648012   第二样本阅览室/ [索取号:R691.4/35] 在馆    
2 0564802   205648021   教育系资料室/ [索取号:R691.4/35] 在馆    
3 0564803   205648030   教育系资料室/ [索取号:R691.4/35] 在馆    
4 0564804   205648049   教育系资料室/ [索取号:R691.4/35] 在馆    
5 0564805   205648058   第三借阅区/ [索取号:R691.4/35] 在馆    
6 0564806   205648067   教育系资料室/ [索取号:R691.4/35] 在馆    
7 0564807   205648076   第三借阅区/ [索取号:R691.4/35] 在馆    
8 0564808   205648085   第三借阅区/ [索取号:R691.4/35] 在馆    
唐山师范学院图书馆 欢迎您!
大连网信软件有限公司© 版权所有